| 000 | 00928nam a22002777a 4500 | ||
|---|---|---|---|
| 005 | 20110722113555.0 | ||
| 008 | 110722t xxu||||| |||| 00| 0 eng d | ||
| 010 | _aENG-103103 | ||
| 020 |
_a9780071072601 _c365.00 |
||
| 020 |
_a0071072608 _c365.00 |
||
| 035 | _aEN-86636 | ||
| 037 | _bDBAD / PUB | ||
| 040 |
_adpl _bEnglish |
||
| 082 | _a537 | ||
| 100 |
_aMahapatra, Sarat Chandra _929868 |
||
| 245 |
_aPrinciples of electromagnetics / _cby Sarat Chandra Mahapatra [and] Sudipta Mahapatra |
||
| 260 |
_aNew Delhi _bTata McGraw Hill _c2011 |
||
| 270 |
_a7, West Patel Nagar _bNew Delhi _e110002 |
||
| 300 |
_axviii,724p. : _c25cm (pbk) _bill. |
||
| 500 | _aIncludes index | ||
| 650 | _929869 | ||
| 651 | _91549 | ||
| 700 |
_929871 _aMahapatra, Sudipta |
||
| 942 |
_2ddc _cEN _h537 _mMAH |
||
| 999 |
_c54214 _d54214 |
||